000 00436nam a22001817a 4500
003 OSt
005 20211014112321.0
008 211014b |||||||| |||| 00| 0 eng d
020 _a0333427386
040 _cHU
082 _a304.2/GID
100 _aANTHONY GIDDENS
_913603
245 _aSOCIOLOGY A BRIEF BUT CRITICAL INTRODUCTION
250 _a2ND
260 _aLONDON
_bMACMILLAN
_c1986
300 _a179/P
942 _2ddc
_cBOOKS
_n0
999 _c12726
_d12726